|
|
|
|
| LEADER |
00000nam0a2200000 4500 |
| 001 |
351476 |
| 005 |
20231102010416.0 |
| 035 |
|
|
|a (RuTPU)RU\TPU\retro\6525
|
| 090 |
|
|
|a 351476
|
| 100 |
|
|
|a 20190606d1936 k y0rusy50 ca
|
| 101 |
1 |
|
|a rus
|c ger
|
| 102 |
|
|
|a RU
|
| 105 |
|
|
|a a z 001zy
|
| 200 |
1 |
|
|a Магнитное поле Земли
|e пер. с нем.
|f Г. Ангенхейстер, Ю. Бартельс
|
| 210 |
|
|
|a Москва
|a Ленинград
|c ОНТИ НКТП СССР
|c Главная редакция общетехнической литературы и номографии
|d 1936
|
| 215 |
|
|
|a 152 с.
|c ил.
|
| 317 |
|
|
|5 63413507: КР-6564
|a Поступила в НТБ в 1987 г. в дар от вдовы ученого Е. К. Завадовской
|
| 320 |
|
|
|a Библиогр.: с. 151-152
|
| 330 |
|
|
|a Книга представляет собой перевод раздела, посвященного геофизике XXV тома "Руководства экспериментальной физики", издаваемого иод общей редакцией Вина и Хармса. Значительная часть книги посвящена вопросам методики измерений и приборам. Кроме того, разбираются вопросы о постоянном поле и вековом ходе земного магнетизма, о периодических его вариациях и о магнитной активности. Использована обширная литература. По форме изложения книга представляет собой краткую обзорную научную монографию, могущую быть использованной и в качестве учебного пособия. Она рассчитана на геофизиков, физиков и специалистов геологической разведки, телеграфии и радиосвязи.
|
| 606 |
1 |
|
|a Магнитное поле Земли
|x (геофизика)
|2 stltpush
|3 (RuTPU)RU\TPU\subj\40790
|9 60621
|
| 610 |
1 |
|
|a библиотека А. А. Воробьева
|
| 610 |
1 |
|
|a Земля
|
| 610 |
1 |
|
|a геомагнитные измерения
|
| 610 |
1 |
|
|a геомагнитные исследования
|
| 610 |
1 |
|
|a приборы
|
| 610 |
1 |
|
|a земной магнетизм
|
| 610 |
1 |
|
|a периодические вариации
|
| 610 |
1 |
|
|a активность
|
| 610 |
1 |
|
|a геомагнитные возмущения
|
| 675 |
|
|
|a 550.38
|v 4
|
| 700 |
|
1 |
|a Ангенхейстер
|b Г.
|
| 701 |
|
1 |
|a Бартельс
|b Ю.
|
| 801 |
|
1 |
|a RU
|b 63413507
|c 20190606
|
| 801 |
|
2 |
|a RU
|b 63413507
|c 20191029
|g RCR
|
| 942 |
|
|
|c BK
|